Deliberating the conditions for implementing the Barnahus model: knowledge drawn from an institutional analysis

Referring to the PROMISE network’s European Barnahus quality standards, this concluding chapter further explores the institutional tensions identified in the previous chapters. Although these standards are important for securing the Barnahus model’s authenticity in the ongoing diffusion, they do not...

Descripción completa

Guardado en:  
Detalles Bibliográficos
Autores principales: Bakketeig, Elisiv (Autor) ; Johansson, Susanna (Autor) ; Kaldal, Anna 1966- (Autor) ; Stefansen, Kari (Autor)
Tipo de documento: Print Artículo
Lenguaje:Inglés
Publicado: 2024
En: Justice and recovery for victimised children
Año: 2024, Páginas: 249-277
Verificar disponibilidad: HBZ Gateway

MARC

LEADER 00000naa a2200000 c 4500
001 1940335043
003 DE-627
005 20251105134622.0
007 tu
008 251105s2024 xx ||||| 00| ||eng c
020 |a 9783031532351 
035 |a (DE-627)1940335043 
035 |a (DE-599)KXP1940335043 
040 |a DE-627  |b ger  |c DE-627  |e rda 
041 |a eng 
084 |a 2,1  |2 ssgn 
100 1 |a Bakketeig, Elisiv  |e VerfasserIn  |0 (DE-588)1165584956  |0 (DE-627)1029645698  |0 (DE-576)510435270  |4 aut 
109 |a Bakketeig, Elisiv 
245 1 0 |a Deliberating the conditions for implementing the Barnahus model: knowledge drawn from an institutional analysis  |c Elisiv Bakketeig, Susanna Johansson, Anna Kaldal, and Kari Stefansen 
264 1 |c 2024 
336 |a Text  |b txt  |2 rdacontent 
337 |a ohne Hilfsmittel zu benutzen  |b n  |2 rdamedia 
338 |a Band  |b nc  |2 rdacarrier 
500 |a Literaturverzeichnis: Seite 273-277 
520 |a Referring to the PROMISE network’s European Barnahus quality standards, this concluding chapter further explores the institutional tensions identified in the previous chapters. Although these standards are important for securing the Barnahus model’s authenticity in the ongoing diffusion, they do not sufficiently address the possible tensions and dilemmas involved. We argue that if the Barnahus model is to reach its full potential, challenges must be identified in order to develop ways to solve them in relation to the various national systems where the model is implemented. Otherwise, the Barnahus model may not reach its full potential within different national contexts, since governments may use the model mainly as a symbol that something is being done instead of a source for more fundamental systemic changes. 
700 1 |a Johansson, Susanna  |e VerfasserIn  |0 (DE-588)1165584638  |0 (DE-627)1029645272  |0 (DE-576)510434959  |4 aut 
700 1 |a Kaldal, Anna  |d 1966-  |e VerfasserIn  |0 (DE-588)1344293204  |0 (DE-627)1905084102  |4 aut 
700 1 |a Stefansen, Kari  |e VerfasserIn  |0 (DE-588)1165584794  |0 (DE-627)1029645469  |0 (DE-576)510435297  |4 aut 
773 0 8 |i Enthalten in  |t Justice and recovery for victimised children  |d Cham, Switzerland : Palgrave Macmillan, 2024  |g (2024), Seite 249-277  |h xv, 288 Seiten  |w (DE-627)1902448855  |z 9783031532351  |7 nnam 
773 1 8 |g year:2024  |g pages:249-277 
776 1 |o 10.1007/978-3-031-53233-7_10 
951 |a AR 
ELC |b 1 
LOK |0 000 xxxxxcx a22 zn 4500 
LOK |0 001 4797219734 
LOK |0 003 DE-627 
LOK |0 004 1940335043 
LOK |0 005 20251105134622 
LOK |0 008 251105||||||||||||||||ger||||||| 
LOK |0 040   |a DE-2619  |c DE-627  |d DE-2619 
LOK |0 092   |o n 
LOK |0 852   |a DE-2619 
LOK |0 852 1  |9 00 
LOK |0 939   |a 05-11-25  |b l01 
ORI |a SA-MARC-krimdoka001.raw